02190nam a2200265 a 4500003000900000005001700009008004100026020001800067040002800085043001200113082002300125100003600148245007900184260004800263300002200311520107700333600005101410610006801461650004701529650005201576942001201628999001701640952012501657952014201782CO-ViMGA20230915233127.0080930s2008 ck gr 00010 spa d a9789584515353 aCO-ViMGAbspacCO-ViMGA as-ck---04a303.64 bP37r 2211 aPérez, José Gregorio.9302210aRaúl Reyes : bel canciller de la montaña / cJosé Gregorio Pérez.3 aBogotá : bGrupo Editorial Norma, c2008. a277 p. ; c23 cm.3 aLuego de ser abatido por las Fuerzas Armadas de Colombia en marzo de 2008, el país empezó a conocer el inmenso poder que Raúl Reyes detentaba dentro de las FARC. Los cientos de correos electrónicos y documentos hallados en sus computadores personales, han revelado las redes de relaciones que había construido durante veinticinco años y que se encargaba de mantener desde sus campamentos en la selva colombo-ecuatoriana. El impresionante archivo encontrado por las autoridades da cuenta de los negocios de tráfico de drogas y armas de las FARC, su infiltración en todos los niveles de organizaciones políticas y sociales nacionales y extranjeras, e incluso de las rivalidades entre los líderes del grupo guerrillero. El canciller de la montaña cuenta cuáles eran los propósitos subversivos que coordinaba con sagacidad y cinismo Raúl Reyes, el responsable de cientos de secuestros, ataques a poblaciones, fusilamientos y masacres; el mismo que mantenía cercanos tratos con gobernantes, políticos y funcionarios de varios países del mundo.14aReyes, Raúl, d1948-2008x Reportajes.9302324aFuerzas Armadas Revolucionarias de Colombiax Reportajes.9302414aGuerrillas colombianasx Reportajes.9302514aPeriodismo de investigaciónz Colombia.93026 2ddccBK c35406d35406 00102ddc40708003aMEVIECARbMEVIECARd2016-04-12l0o303.64 P37r p29868r2016-04-12 00:00:00tEj. 1w2016-04-12yBK 001040708001aMEVIGERRbMEVIGERRcGENd2012-10-17o303.6486121 P37pECA19736r2024-11-26 09:29:41tEj.1w2024-11-26yBKz16237 | 20991